Právní ochrana dětí v období prvních kodifikací /

Main Author: Slavíčková, Pavla, 1979-
Language: Czech
Published: Praha : NLN, Nakladatelství Lidové noviny, c2012
Edition: Vyd. 1.
Subjects:
Physical Description: 338 s. ; 21 cm
Language note: Anglické resumé
Book
Saved in:
LEADER 02681nam a2200649 a 4500
001 nkc20132454601
003 CZ PrNK
005 20140210131209.0
007 ta
008 130404s2012 xr f 001 0 cze
015 |a cnb002454601 
020 |a 978-80-7422-220-7  |q (váz.) :  |c Kč 349,00 
035 |a (OCoLC)847727969 
040 |a OLA001  |b cze  |d ABA001 
041 0 |a cze  |b eng 
043 |a e-xr--- 
045 |a t-w- 
072 7 |a 347  |x Soukromé právo  |2 Konspekt  |9 16 
080 |a 342.726-053.2  |2 MRF 
080 |a 349.3-053.2  |2 MRF 
080 |a 342.95:353.1  |2 MRF 
080 |a 347.23  |2 MRF 
080 |a 347.65/.68  |2 MRF 
080 |a 34(091)  |2 MRF 
080 |a (437.3)  |2 MRF 
080 |a (048.8)  |2 MRF 
100 1 |a Slavíčková, Pavla,  |d 1979-  |7 jo2007416155  |4 aut 
245 1 0 |a Právní ochrana dětí v období prvních kodifikací /  |c Pavla Slavíčková 
250 |a Vyd. 1. 
260 |a Praha :  |b NLN, Nakladatelství Lidové noviny,  |c c2012 
300 |a 338 s. ;  |c 21 cm 
500 |a Terminologický slovník 
504 |a Obsahuje bibliografii, bibliografické odkazy a rejstřík 
546 |a Anglické resumé 
648 7 |a 16.-19. století  |7 ch757030  |2 czenas 
650 0 7 |a práva dětí  |7 ph124706  |z Česko  |y 16.-19. století  |2 czenas 
650 0 7 |a sociálně-právní ochrana dětí  |7 ph297054  |z Česko  |y 16.-19. století  |2 czenas 
650 0 7 |a zemské právo  |7 ph637314  |z Česko  |y 16.-19. století  |2 czenas 
650 0 7 |a vlastnické právo  |7 ph172912  |z Česko  |y 16.-19. století  |2 czenas 
650 0 7 |a dědické právo  |7 ph119691  |z Česko  |y 16.-19. století  |2 czenas 
650 0 7 |a právní dějiny  |7 ph164957  |z Česko  |y 16.-19. století  |2 czenas 
650 0 9 |a children’s rights  |z Czechia  |y 16th-19th centuries  |2 eczenas 
650 0 9 |a social-law children protection  |z Czechia  |y 16th-19th centuries  |2 eczenas 
650 0 9 |a municipal law  |z Czechia  |y 16th-19th centuries  |2 eczenas 
650 0 9 |a right of property  |z Czechia  |y 16th-19th centuries  |2 eczenas 
650 0 9 |a inheritance and succession  |z Czechia  |y 16th-19th centuries  |2 eczenas 
650 0 9 |a history of law  |z Czechia  |y 16th-19th centuries  |2 eczenas 
655 7 |a monografie  |7 fd132842  |2 czenas 
655 9 |a monographs  |2 eczenas 
910 2 |a BOA001  |b 2-1304.524 
928 9 |a Nakladatelství Lidové noviny 
990 |a BK 
995 |a 01 
991 |b 201305  |c NOV  |e n 
996 6 |b 2610548124  |c 2-1304.524  |l MZK  |r Sklad / do 1 hodiny  |n 1  |p p.v.  |w 001324879  |u 000010  |a 1  |e BOA001  |j MZK50  |s P 
996 6 |b 2610567247  |c 2-1304.524  |l MZK  |r HSS 4p  |n 0  |p kup  |h 342 SLA  |w 001324879  |u 000020  |a 0  |e BOA001  |j MZK50  |s P 
996 7 |b 2610567248  |c 2-1304.524  |l MZK  |r Sklad / do 1 hodiny  |n 14  |p kup  |w 001324879  |u 000030  |a 1  |e BOA001  |j MZK50  |s A